| 000 | 00768nam a2200217Ia 4500 | ||
|---|---|---|---|
| 001 | 105164 | ||
| 003 | 190404 | ||
| 005 | 20250304150132.0 | ||
| 008 | ||||||n9999 ||| || || | ||
| 082 |
_221 _a658 |
||
| 100 |
_aBermudez Leon, Martha Ines _9129474 |
||
| 245 | 0 | _aEvaluación ex post al proyecto"Mejoramiento del sistema de Información del Hospital Empresa Social del Estado (E.S.E.) San Cristóbal" | |
| 501 | _aCDRoom | ||
| 562 | _e2 | ||
| 650 | 0 |
_aESPECIALIZACIÓN EN PROYECTOS DE DESARROLLO--TESIS Y DISERTACIONES ACADÉMICAS _935350 |
|
| 650 | 0 |
_aEvaluación ex-post _9129476 |
|
| 650 |
_aHOSPITAL SAN CRISTOBAL _9129477 |
||
| 650 |
_aSISTEMAS DE INFORMACIÓN _9129478 |
||
| 650 |
_aTESIS Y DISERTACIONES ACADÉMICAS _9129479 |
||
| 942 | _cTESIS | ||
| 999 |
_c105164 _d105164 |
||